Die Futterrübe. (Record no. 10866)

MARC details
000 -LEADER
fixed length control field 00542cam a22002051 4500
001 - CONTROL NUMBER
control field agr48000379
003 - CONTROL NUMBER IDENTIFIER
control field DLC
005 - DATE AND TIME OF LATEST TRANSACTION
control field 20260227111009.0
008 - FIXED-LENGTH DATA ELEMENTS--GENERAL INFORMATION
fixed length control field 940513s1946 gw a 000 0 ger c
010 ## - LIBRARY OF CONGRESS CONTROL NUMBER
LC control number agr48000379
035 ## - SYSTEM CONTROL NUMBER
System control number (OCoLC)30435485
040 ## - CATALOGING SOURCE
Original cataloging agency U.S. Dept. of agr. Libr
Transcribing agency CU
Modifying agency DLC
042 ## - AUTHENTICATION CODE
Authentication code premarc
050 00 - LIBRARY OF CONGRESS CALL NUMBER
Classification number SB211.T8
Item number K3
100 1# - MAIN ENTRY--PERSONAL NAME
Personal name Kallbrunner, Hermann.
245 04 - TITLE STATEMENT
Title Die Futterrübe.
260 ## - PUBLICATION, DISTRIBUTION, ETC.
Place of publication, distribution, etc. Wien,
Name of publisher, distributor, etc. Scholle-Verlag
Date of publication, distribution, etc. [1946]
300 ## - PHYSICAL DESCRIPTION
Extent 39 p.
Other physical details illus.
Dimensions 21 cm.
440 #0 - SERIES STATEMENT/ADDED ENTRY--TITLE
Title Scholle-bücherei,
Volume/sequential designation 64.Bdchn.

No items available.

Powered by Koha